Zmeny platné od júla 2008 vo vzorovej zmluve OECD a v Komentári k nej

Informácia o najdôležitejších a najpodstatnejších zmenách vo Vzorovej zmluve OECD. Dôvody ich prijatia.

Enregistré dans:
Détails bibliographiques
Auteur principal: Kubicová, Jana, 1961-
Format: Chapitre de livre
Langue:slovaque
Sujets:
Tags: Ajouter un tag
Pas de tags, Soyez le premier à ajouter un tag!

MARC

LEADER 00000naa$a2200000$$$4500
001 0086080
005 20240502071957.7
041 0 |a slo 
044 |a SK 
245 1 0 |a Zmeny platné od júla 2008 vo vzorovej zmluve OECD a v Komentári k nej  |c Jana Kubicová 
520 |a Informácia o najdôležitejších a najpodstatnejších zmenách vo Vzorovej zmluve OECD. Dôvody ich prijatia. 
610 2 0 |a zmluvy medzinárodné 
610 2 0 |a OECD 
610 2 0 |a podnikanie medzinárodné 
610 2 0 |a zdaňovanie medzinárodné 
100 1 |a Kubicová, Jana, 1961-